El abanico de Lady Windermere y la importancia de llamarse Ernesto / Oscar Wilde

Libro conformado por dos obras teatrales de Oscar Wilde. En la primera obra, El abanico de Lady Windermere, se relata la historia de Lady Windermere que tras creer que su marido le es infiel, decide fugarse con un amigo que le había confesado su amor, pero había rechazado previamente. Por otra part...

Descrición completa

Gardado en:
Detalles Bibliográficos
Autor Principal: Wilde, Oscar
Formato: Libro
Idioma:Undetermined
Publicado: Buenos Aires, Argentina Espasa-Calpe 1952
Edición:6
Materias:
Etiquetas: Engadir etiqueta
Sen Etiquetas, Sexa o primeiro en etiquetar este rexistro!

MARC

LEADER 00000nam a2200000Ia 4500
008 170316s9999 xx 000 0 und d
040 |a cru BVZT 
090 |a 820 W-8a 
100 |a Wilde, Oscar 
245 |a El abanico de Lady Windermere y la importancia de llamarse Ernesto  |b / Oscar Wilde 
250 |a 6 
260 |a Buenos Aires, Argentina 
260 |b Espasa-Calpe 
260 |c 1952 
300 |a 152 páginas 
520 |a Libro conformado por dos obras teatrales de Oscar Wilde. En la primera obra, El abanico de Lady Windermere, se relata la historia de Lady Windermere que tras creer que su marido le es infiel, decide fugarse con un amigo que le había confesado su amor, pero había rechazado previamente. Por otra parte, se revela que puede que no haya un amorío entre Lodr Windermere y Lady Erlynne, y son solo falsas acusaciones. En la segunda obra, la importancia de llamarse Ernesto, se narra la comedia protagonizada por Jack y su hermano imaginario Ernesto, en la cual dicha personificación y nombre causará al personaje y los involucrados en la historia varias confusiones que conllevan a la verdadera identidad de Jack. 
650 |a LITERATURA INGLESA  |9 12 
999 |c 7264  |d 7264 
942 |c 15 D  |h 820 W-8a  |2 z